000 00476nam a2200193Ia 4500
005 20250423101732.0
008 250422s9999 xx 000 0 und d
020 _a9789350144244
050 _aTJ 1160 .S6/
100 _aDr. Singal R.K.
245 0 _aWorkshop technology; manufacturing processes
250 _aVol iii
260 _aNew Delhi
260 _bS.K. Kataria & Sons
260 _c2013
300 _a152 p
650 _aMachine-shop practice.
942 _cBK
999 _c37121
_d37121